| 000 | 00356nam a2200145Ia 4500 | ||
|---|---|---|---|
| 008 | 230312s9999||||xx |||||||||||||| ||und|| | ||
| 020 | _a9780073376042 | ||
| 082 |
_a004.62 _bFOR-T |
||
| 100 | _aGookin,Dan | ||
| 245 | 0 | _aAndroid phones & tablets | |
| 260 |
_bMcGraw Hill _aNew York _c2010 |
||
| 300 | _a979 | ||
| 650 |
_aComputer _vNetworking |
||
| 942 | _cBK | ||
| 999 |
_c16375 _d16375 |
||